000 00551nam a22001817a 4500
008 150327b xxu||||| |||| 00| 0 eng d
020 _a9780071795616
041 0 _aeng
080 _a174.4 MAY
100 _aMay, Matthew E.
245 1 4 _aThe laws of subtraction :
_cMatthew May.
260 _aNew York :
_bMcGraw-Hill,
_c2013.
300 _a224 f.:
_bme il.;
_c24 cm.
505 _aIndex: f. 217-224
650 0 _aSuksesi ne biznes
650 0 _aZgjidhja e problemeve
942 _2udc
_cBK
999 _c564
_d564